| 000 | 01049nam a2200289 i 4500 | ||
|---|---|---|---|
| 001 | 12206 | ||
| 003 | ES-MaACL | ||
| 005 | 20240329063551.0 | ||
| 007 | t| | ||
| 008 | 970425s1978 sp |||| | spa d | ||
| 040 | _cES-MaACL | ||
| 080 | _a32(460)"1932" | ||
| 100 | 1 |
_aMartínez Sierra, María, _d1874-1974 _978430 _eaut |
|
| 245 | 1 | 0 |
_aDudas del momento : _bconferencia leída en el Ateneo de Madrid el día 5 de diciembre de 1932 / _cMaría Martínez Sierra. |
| 260 |
_aMadrid : _b[s.n.], _c1978 _f(Gráficas Halar) |
||
| 300 |
_a23 páginas ; _c18 cm. |
||
| 534 |
_pPublicada originalmente en: _cMadrid : Bolaños y Aguilar, 1933. |
||
| 610 | 2 | 4 |
_aAteneo de Madrid- _vConferencias- _y1900-1939 _91907 |
| 651 | 4 |
_aEspaña- _xHistoria- _y1931-1939, II República. _98283 |
|
| 852 |
_aES-MaACL _cDEPOF _j2102-F-23 |
||
| 852 |
_aES-MaACL _cDEPOF _j2108-F-18 |
||
| 852 |
_aES-MaACL _cDEPOF _j2132-F-2 |
||
| 852 |
_aES-MaACL _cDEPOF _j2156-F-15 |
||
| 942 |
_cFOLLETOS _n0 |
||
| 999 |
_c12206 _d12206 |
||